Music Quiz

Random Music or Clickable Quiz

Finish The Country Song Quiz Stats

 Plays Quiz not verified by Sporcle

Challenge
Share
Tweet
Embed
Score 0/11 Timer 10:00
0 Plays Today
% Correct
dang kiss
96.4%
you in a song
94.6%
Haggard and Cash
94.6%
depression
92.9%
breaks your heart
92.9%
peek a boo
92.9%
Yoo-Hoo bottle
89.3%
saloons
87.5%
wild side
85.7%
redneck
83.9%
farm
78.6%

You're not logged in!

Compare scores with friends on all Sporcle quizzes.
Join for Free
OR
Log In

You Might Also Like...

Show Comments

Extras

Top Quizzes Today


Score Distribution

Your Account Isn't Verified!

In order to create a playlist on Sporcle, you need to verify the email address you used during registration. Go to your Sporcle Settings to finish the process.

Report this User

Report this user for behavior that violates our Community Guidelines.

Details: